John P. Bruce vs. Benjamin F. Loan. Papers in the contested election case of John P. Bruce vs. Benjamin F. Loan, for the Seventh Congressional District of Missouri.

Bibliographic Details
Corporate Authors: United States. Congress. House. Committee on Elections, ProQuest (Firm)
Format: eBook
Language:English
Published: Washington : [publisher not identified], 1863.
Series:United States congressional serial set.
Subjects:
Online Access:Connect to the full text of this electronic book

MARC

Tag First Indicator Second Indicator Subfields
LEADER 00000cam a22000001a 4500
001 in00002896331
005 20190401170820.0
006 m o d
007 cr un mmmapmmp
008 061201s1863 dcud o f000 0 eng d
035 |a cis2004031024 
040 |a UMI  |c UMI  |d UtOrBLW 
043 |a n-us--- 
099 |a ProQuest Serial Set Number 1198 H.misdoc.13 
110 1 |a United States.  |b Congress.  |b House.  |b Committee on Elections. 
245 1 0 |a John P. Bruce vs. Benjamin F. Loan. Papers in the contested election case of John P. Bruce vs. Benjamin F. Loan, for the Seventh Congressional District of Missouri. 
246 1 |a Contested election, John P. Bruce vs. Benjamin F. Loan, seventh congressional district of Missouri, papers 
264 1 |a Washington :  |b [publisher not identified],  |c 1863. 
300 |a 1 online resource. 
336 |a text  |b txt  |2 rdacontent 
337 |a computer  |b c  |2 rdamedia 
338 |a online resource  |b cr  |2 rdacarrier 
490 0 |a H.misdoc.13 
500 |a Record is based on bibliographic data in ProQuest U.S. Serial Set Digital Collection (last viewed Dec. 2006). Reuse except for individual research requires license from ProQuest, LLC. 
510 3 |a ProQuest U.S. Serial Set Digital Collection 
500 |a Electronic resource. 
650 0 |a Elections. 
650 0 |a Government publications. 
651 0 |a Missouri. 
655 7 |a Electronic books.  |2 local 
710 2 |a ProQuest (Firm) 
830 0 |a United States congressional serial set. 
856 4 0 |u http://proxy.library.tamu.edu/login?url=http://congressional.proquest.com/congcomp/getdoc?SERIAL-SET-ID=1198+H.misdoc.13  |z Connect to the full text of this electronic book  |t 0 
999 |a MARS 
999 f f |s cfd9aaeb-776c-3062-b56d-e01d03bc3aa5  |i 734a159c-700f-3bac-898f-62c68166fbf5  |t 0 
952 f f |a Texas A&M University  |b College Station  |c Electronic Resources  |d Available Online  |t 0  |e ProQuest Serial Set Number 1198 H.misdoc.13  |h Other scheme 
998 f f |a ProQuest Serial Set Number 1198 H.misdoc.13  |t 0  |l Available Online